000 00851cam a2200217 i 4500
005 20251207105102.0
008 250721s2000 ua gr 000 0 ara d
082 1 4 _a214.61
_bن و ر
100 1 _aالنورسي، سعيد
_eمؤلف.
245 1 0 _aالشكر :
_bثمرة الحياة و غاية الكائنات /
_cبديع الزمان سعيد النورسي ؛ ترجمه احسان قاسم الصالحي.
250 _aالطبعه الثالثة.
264 3 1 _aالقاهرة :
_bشركة سوزلر للنشر،
_c2000.
300 _a94 صفحه.
490 0 _aمن كليات رسائل النور
_v7
650 1 7 _aالإيمان.
650 1 7 _aالشكر.
700 1 _aالصالحي، إحسان قاسم
_eمترجم
830 0 _aمن كليات رسائل النور
942 _2ddc
_cBK
999 _c230048
_d230048